Fadilat ayat al-kursi menurut hadis & untuk rawatan

Bibliographic Details
Main Author: Amran Kasimin (Dr)
Format: Book
Published: Kuala Lumpur : Pustaka Al-Mizan , 1991
Subjects:

MARC

LEADER 00000cam a2200000 7i4500
001 0000001035
002 000001144
005 20000330.0
020 |a T000000182 
090 0 0 |a 297.1227   |b AMR 
100 0 |a Amran Kasimin ,   |e Dr 
245 1 0 |a Fadilat ayat al-kursi menurut hadis & untuk rawatan   |c Dr Amran Kasimin 
260 |a Kuala Lumpur :   |b Pustaka Al-Mizan ,   |c 1991 
300 |a 160 p. ;   |c 23 cm. 
650 0 0 |a Quran 
999 |a 030197   |b BUKU   |c PINJAMAN   |e PERPUSTAKAAN KOMUNITI PETALING JAYA